000 01089nam a22002537a 4500
005 20240530110953.0
008 221218s2022 ua afh f b 000 0 ara d
017 _a2021/27563
_bمصر. دار الكتب
020 _a97897776926547
040 _aEG-CaGPL
_cEG-CaGPL
082 0 4 _221
_a723.3
_bع ع
100 0 _aعبدالله كامل موسى عبده
245 1 2 _aالعمارة الايبوبية فى مصر والشام واليمن والحجاز /
_cعبدالله كامل موسى عبده
250 _aط.1
260 _aالاسكندرية :
_bدار الوفاء لدنيا الطباعة و النشر،
_c2022.
300 _a520 ص. :
_bايض ؛
_c24 سم.
504 _aيشتمل على ارجاعات ببليوجرافية
650 _2qrmak
_aالعمارة الايوبية
_zمصر
650 _2qrmak
_aالعمارة الايوبية
_zسوريا
650 _2qrmak
_aالعمارة الايوبية
_zاليمن
650 _2qrmak
_aالعمارة الايوبية
_zالحجاز
942 _2ddc
_cBK
999 _c67044
_d67044